The harp in the south / (Record no. 4422)

MARC details
000 -LEADER
fixed length control field 01171nam a22002537a 4500
001 - CONTROL NUMBER
control field 4422
003 - CONTROL NUMBER IDENTIFIER
control field FISKH
005 - DATE AND TIME OF LATEST TRANSACTION
control field 20240912143517.0
008 - FIXED-LENGTH DATA ELEMENTS--GENERAL INFORMATION
fixed length control field 240904b cb ||||| |||| 00| 0 eng d
020 ## - INTERNATIONAL STANDARD BOOK NUMBER
International Standard Book Number 9780143202752
040 ## - CATALOGING SOURCE
Original cataloging agency FISKH
Language of cataloging eng
Transcribing agency FISKH
Modifying agency FISKH
050 ## - LIBRARY OF CONGRESS CALL NUMBER
Classification number PR9639.P37
082 ## - DEWEY DECIMAL CLASSIFICATION NUMBER
Edition number 823.3
100 ## - MAIN ENTRY--PERSONAL NAME
Personal name Park, Ruth
Dates associated with a name (1917–2010)
245 ## - TITLE STATEMENT
Title The harp in the south /
Statement of responsibility, etc. By Ruth Park
250 ## - EDITION STATEMENT
Edition statement This edition published 2009
260 ## - PUBLICATION, DISTRIBUTION, ETC.
Place of publication, distribution, etc. London :
Name of publisher, distributor, etc. Penguin,
Date of publication, distribution, etc. 1951.
300 ## - PHYSICAL DESCRIPTION
Extent 225 pages :
Dimensions 18cm
520 ## - SUMMARY, ETC.
Summary, etc. An Australian classic, this is the story of the Darcy family who live in the Depression era tenements of Surry Hills, Sydney. Hugh and Margaret Darcy are raising their family in Sydney amid the brothels, grog shops and run-down boarding houses of Surry Hills, where money is scarce and life is not easy. Filled with beautifully drawn characters that will make you laugh as much as cry, this Australian classic will take you straight back to the colourful slums of Sydney with convincing depth, careful detail and great heart.
650 ## - SUBJECT ADDED ENTRY--TOPICAL TERM
Source of heading or term Fiction
Form subdivision Family
Chronological subdivision Sydney
650 ## - SUBJECT ADDED ENTRY--TOPICAL TERM
Source of heading or term Poverty
Form subdivision Australian
942 ## - ADDED ENTRY ELEMENTS (KOHA)
Source of classification or shelving scheme Dewey Decimal Classification
Koha item type Books
Suppress in OPAC No
Holdings
Withdrawn status Lost status Source of classification or shelving scheme Damaged status Not for loan Home library Current library Shelving location Date acquired Total Checkouts Full call number Barcode Date last seen Date last checked out Copy number Price effective from Koha item type
    Dewey Decimal Classification     Footprints International School Library Network Toul Kork Campus Footprints International School Library Network Toul Kork Campus TTP Secondary Fiction Bookshelves 09/04/2024 1 PAR 823.3 PR9639.P37 2024-1883 09/10/2024 09/10/2024 1 09/04/2024 Books